000 00913nam a2200265Ia 4500
003 OSt
005 20220923211230.0
006 a|||||r|||| 00| 0
007 ta
008 220922b |||||||| |||| 00| 0 pan d
020 _a9788171166541 (hbk)
_c200
024 _a335,676
037 _b233, 17/03/2018, National Book Shop
_cTextual
040 _aARTS
_cARTS
_bpan
041 _2pan
_apan
082 _aO153,1:g, Q5
100 _aਸਿੰਘ, ਲਖਵੀਰ, ਂਚ.
245 0 _aਸੁ॥ਨ ਨਿFਾਨੀ
_b ਕਾਵਿ-ਅਵਚੇਤਨ
260 _aਦਿੱਲੀ
_b ਨੈFਨਲ ਬੁਕ Fਾਪ
_c2015
300 _a104ਪ0
_ccm.
650 _a ਪੰਜਾਬੀ ਕਾਵਿ
650 _aਪੰਜਾਬੀ ਸਾਹਿਤ
942 _hO153,1:g, Q5
_cTEXL
_2CC
999 _c297350
_d297350